Комбинационное рассеяние света, взаимодействие и интерференция оптических колебаний в суперионном кристале [ гамма-Li3PO4]; Журнал экспериментальной и теоретической физики; Т. 123, вып. 1

Podrobná bibliografie
Parent link:Журнал экспериментальной и теоретической физики=ЖЭТФ/ Российская академия наук (РАН) ; Отделение физических наук РАН.— , 1931-.— 0044-4510
Т. 123, вып. 1.— 2003.— с. 64-70
Další autoři: Маврин Б. Н., Асонов В. В., Фомичев В. В., Иванов-Шиц А. К., Киреев В. В.
Jazyk:ruština
Vydáno: 2003
Edice:Твердые тела
Témata:
Médium: MixedMaterials Kapitola
KOHA link:https://koha.lib.tpu.ru/cgi-bin/koha/opac-detail.pl?biblionumber=431399

MARC

LEADER 00000naa2a2200000 4500
001 431399
005 20231101075400.0
035 |a (RuTPU)RU\TPU\prd\91514 
035 |a RU\TPU\prd\17443 
090 |a 431399 
100 |a 20101130a2003 k y0rusy50 ca 
101 0 |a rus 
102 |a RU 
200 1 |a Комбинационное рассеяние света, взаимодействие и интерференция оптических колебаний в суперионном кристале [ гамма-Li3PO4]  |f Б. Н. Маврин, В. В. Асонов, В. В. Фомичев и др. 
225 1 |a Твердые тела  |e Структура 
320 |a Библиогр.: 14 назв. 
461 1 |0 (RuTPU)RU\TPU\prd\1443  |x 0044-4510  |t Журнал экспериментальной и теоретической физики  |l ЖЭТФ  |f Российская академия наук (РАН) ; Отделение физических наук РАН  |d 1931- 
463 1 |0 (RuTPU)RU\TPU\prd\91507  |t Т. 123, вып. 1  |v с. 64-70  |d 2003 
610 1 |a комбинационное рассеяние света 
610 1 |a поляризованные спектры 
610 1 |a оптические колебания 
610 1 |a монокристаллы 
610 1 |a интерференция 
610 1 |a оптические моды 
701 1 |a Маврин  |b Б. Н. 
701 1 |a Асонов  |b В. В. 
701 1 |a Фомичев  |b В. В. 
701 1 |a Иванов-Шиц  |b А. К. 
701 1 |a Киреев  |b В. В. 
801 1 |a RU  |b 63413507  |c 20030917  |g PSBO 
801 2 |a RU  |b 63413507  |c 20101130  |g RCR 
942 |c BK